Olafur Eliasson / (Record no. 354048)
[ view plain ]
| 000 -LEADER | |
|---|---|
| fixed length control field | 01284cam a2200373 a 4500 |
| 001 - CONTROL NUMBER | |
| control field | 13254695 |
| 003 - CONTROL NUMBER IDENTIFIER | |
| control field | OSt |
| 005 - DATE AND TIME OF LATEST TRANSACTION | |
| control field | 20180116192425.0 |
| 008 - FIXED-LENGTH DATA ELEMENTS--GENERAL INFORMATION | |
| fixed length control field | 030627s2002 enka b 000 0 eng |
| 010 ## - LIBRARY OF CONGRESS CONTROL NUMBER | |
| LC control number | 2003271673 |
| 015 ## - NATIONAL BIBLIOGRAPHY NUMBER | |
| National bibliography number | GBA2-V4572 |
| 020 ## - INTERNATIONAL STANDARD BOOK NUMBER | |
| International Standard Book Number | 071484036X |
| 020 ## - INTERNATIONAL STANDARD BOOK NUMBER | |
| International Standard Book Number | 9780714840369 |
| 035 ## - SYSTEM CONTROL NUMBER | |
| System control number | (OCoLC)ocm50495729 |
| 040 ## - CATALOGING SOURCE | |
| Original cataloging agency | UKM |
| Transcribing agency | UKM |
| Modifying agency | IXA |
| -- | DLC |
| 042 ## - AUTHENTICATION CODE | |
| Authentication code | lccopycat |
| 050 00 - LIBRARY OF CONGRESS CALL NUMBER | |
| Classification number | N7053.O43 |
| Item number | A4 2002b |
| 082 04 - DEWEY DECIMAL CLASSIFICATION NUMBER | |
| Classification number | 709.2 |
| Edition number | 21 |
| 100 1# - MAIN ENTRY--PERSONAL NAME | |
| Personal name | Grynsztejn, Madeleine. |
| 9 (RLIN) | 7953 |
| 245 10 - TITLE STATEMENT | |
| Title | Olafur Eliasson / |
| Statement of responsibility, etc. | Madeleine Grynsztejn, Daniel Birnbaum, Michael Speaks. |
| 260 ## - PUBLICATION, DISTRIBUTION, ETC. | |
| Place of publication, distribution, etc. | London ; |
| -- | New York, NY : |
| Name of publisher, distributor, etc. | Phaidon Press, |
| Date of publication, distribution, etc. | 2002. |
| 300 ## - PHYSICAL DESCRIPTION | |
| Extent | 159 p. : |
| Other physical details | ill. (some col.) ; |
| Dimensions | 29 cm. |
| 440 #0 - SERIES STATEMENT/ADDED ENTRY--TITLE | |
| Title | Contemporary artists |
| 9 (RLIN) | 7954 |
| 504 ## - BIBLIOGRAPHY, ETC. NOTE | |
| Bibliography, etc. note | Includes bibliographical references (p. 159). |
| 600 10 - SUBJECT ADDED ENTRY--PERSONAL NAME | |
| Personal name | Olafur Eliasson, |
| Dates associated with a name | 1967- |
| General subdivision | Criticism and interpretation. |
| 9 (RLIN) | 7955 |
| 650 #0 - SUBJECT ADDED ENTRY--TOPICAL TERM | |
| Topical term or geographic name entry element | Conceptual art. |
| 9 (RLIN) | 7956 |
| 650 #0 - SUBJECT ADDED ENTRY--TOPICAL TERM | |
| Topical term or geographic name entry element | Environment (Art) |
| 9 (RLIN) | 7957 |
| 700 1# - ADDED ENTRY--PERSONAL NAME | |
| Personal name | Olafur Eliasson, |
| Dates associated with a name | 1967- |
| 9 (RLIN) | 7958 |
| 700 1# - ADDED ENTRY--PERSONAL NAME | |
| Personal name | Birnbaum, Daniel, |
| Dates associated with a name | 1963- |
| 9 (RLIN) | 7959 |
| 700 1# - ADDED ENTRY--PERSONAL NAME | |
| Personal name | Speaks, Michael. |
| 9 (RLIN) | 7960 |
| 906 ## - LOCAL DATA ELEMENT F, LDF (RLIN) | |
| a | 7 |
| b | cbc |
| c | copycat |
| d | 2 |
| e | ncip |
| f | 20 |
| g | y-gencatlg |
| 942 ## - ADDED ENTRY ELEMENTS (KOHA) | |
| Source of classification or shelving scheme | |
| Koha item type | Book |
| Withdrawn status | Lost status | Source of classification or shelving scheme | Damaged status | Not for loan | Permanent Location | Current Location | Date acquired | Total Checkouts | Full call number | Barcode | Date last seen | Date last checked out | Copy number | Cost, replacement price | Price effective from | Koha item type |
|---|---|---|---|---|---|---|---|---|---|---|---|---|---|---|---|---|
| School of Art Design and Architecture (SADA) | School of Art Design and Architecture (SADA) | 01/26/2015 | 3 | 709.2 GRY 2002 | SADA0002427 | 04/02/2015 | 03/16/2015 | 01 | 3836.33 | 01/29/2015 | Book |
